000 00421nam a2200157 i 4500
001 21344
003 ES-MaACL
005 20230906152449.0
007 t|
008 021125s1966 sp ||||1| spa d
100 1 _aAlberdi, Ricardo.
_919274
245 1 0 _aUnidad y pluralismo sindical /
_cpor Ricardo Alberdi.
260 _aIrĂșn :
_bEthos,
_c1966.
300 _a177 p. ;
_c21 cm.
852 _aES-MaACL
_jC-30522
_bR.60999
999 _c21344
_d21344